[Event "GRE ESSPEP-ch 12th"]
[Site "Kalamata"]
[Date "2016.04.27"]
[Round "4"]
[White "Fragou, Maria V"]
[Black "Sofronas, Andreas"]
[Result "1/2-1/2"]
[WhiteElo "1415"]
[BlackElo "1308"]
[PlyCount "159"]
[EventDate "2016.04.25"]
[EventType "swiss"]
[EventRounds "5"]
[EventCountry "GRE"]
[SourceTitle "EXT 2024"]
[Source "ChessBase"]
[SourceDate "2023.10.10"]
[SourceVersion "1"]
[SourceVersionDate "2023.10.10"]
[SourceQuality "1"]

1. e4 e5 2. Nf3 Nc6 3. Bb5 a6 4. Ba4 b5 5. Bb3 Nf6 6. 0-0 Be7 7. Re1 0-0 8. c3 Bb7 9. d3 Re8 10. h3 h6 11. Be3 Bf8 12. Nbd2 Na5 13. Bc2 d5 14. b3 dxe4 15. dxe4 Qe7 16. Qb1 Rac8 17. Nf1 c5 18. Ng3 g6 19. Qc1 Kh7 20. Qa3 Nc6 21. Rad1 b4 22. cxb4 Nxb4 23. Bb1 c4 24. bxc4 Rxc4 25. Nd2 Rc7 26. Qb3 Rd7 27. Nc4 Red8 28. Rxd7 Rxd7 29. Qb2 Bg7 30. Qxe5 Nxe4 31. Qxe7 Rxe7 32. Nxe4 Bxe4 33. Bc5 Rc7 34. Bxb4 Bxb1 35. Rxb1 Rxc4 36. a3 Bc3 37. Bxc3 Rxc3 38. Ra1 Kg7 39. Kf1 Rc2 40. Ke1 Kf6 41. Rb1 Ra2 42. Rb6+ Ke5 43. Rxa6 Ra1+ 44. Ke2 Ke4 45. Ra4+ Ke5 46. Ke3 Re1+ 47. Kf3 Ra1 48. Ra5+ Ke6 49. Kg3 Ra2 50. a4 Ra3+ 51. f3 Kf6 52. Ra6+ Kf5 53. a5 Ra4 54. Ra7 Ke6 55. a6 Kf6 56. Ra8 Kf5 57. a7 h5 58. h4 Ra2 59. Kh3 Kf6 60. Kg3 Kf5 61. Rb8 Rxa7 62. Rb4 Re7 63. Rf4+ Ke5 64. Re4+ Kf6 65. Ra4 Kf5 66. Ra5+ Kf6 67. Kf4 Re2 68. g3 Re6 69. Rb5 Rc6 70. Rb4 Ra6 71. Rc4 Rb6 72. g4 hxg4 73. Kxg4 Re6 74. Rf4+ Kg7 75. Ra4 Kh6 76. Rf4 f5+ 77. Kg3 Re1 78. Kg2 Re2+ 79. Kg3 Re1 80. Kg2 1/2-1/2

[Event "GRE ESSPEP-ch 12th"]
[Site "Kalamata"]
[Date "2016.04.26"]
[Round "3"]
[White "Sofronas, Andreas"]
[Black "Kormas, Georgios"]
[Result "0-1"]
[WhiteElo "1308"]
[BlackElo "1403"]
[PlyCount "64"]
[EventDate "2016.04.25"]
[EventType "swiss"]
[EventRounds "5"]
[EventCountry "GRE"]
[SourceTitle "EXT 2024"]
[Source "ChessBase"]
[SourceDate "2023.10.10"]
[SourceVersion "1"]
[SourceVersionDate "2023.10.10"]
[SourceQuality "1"]

1. Nf3 d5 2. d3 Nf6 3. Nbd2 e6 4. g3 Be7 5. Bg2 0-0 6. 0-0 Nbd7 7. e4 c6 8. exd5 exd5 9. d4 Re8 10. Re1 h6 11. c4 Bb4 12. Rxe8+ Qxe8 13. a3 Ba5 14. b4 Bb6 15. c5 Bc7 16. Qe1 Qxe1+ 17. Nxe1 Nf8 18. Ndf3 Ng6 19. Nd3 Be6 20. Bf4 Nxf4 21. Nxf4 Nd7 22. Nxe6 fxe6 23. Re1 Re8 24. Bh3 Kf7 25. Ne5+ Nxe5 26. dxe5 g5 27. f4 Rg8 28. f5 g4 29. fxe6+ Kxe6 30. Bf1 Bxe5 31. a4 Kf6 32. b5 cxb5 0-1

[Event "GRE ESSPEP-ch 12th"]
[Site "Kalamata"]
[Date "2016.04.25"]
[Round "1"]
[White "Kalogerakos, Stamatis"]
[Black "Sofronas, Andreas"]
[Result "1-0"]
[WhiteElo "1705"]
[BlackElo "1308"]
[PlyCount "32"]
[EventDate "2016.04.25"]
[EventType "swiss"]
[EventRounds "5"]
[EventCountry "GRE"]
[SourceTitle "EXT 2024"]
[Source "ChessBase"]
[SourceDate "2023.10.10"]
[SourceVersion "1"]
[SourceVersionDate "2023.10.10"]
[SourceQuality "1"]

1. Nf3 Nf6 2. g3 g6 3. c4 d6 4. Nc3 Bg7 5. Bg2 e5 6. 0-0 0-0 7. d4 exd4 8. Nxd4 Nbd7 9. Bg5 h6 10. Bf4 c5 11. Ndb5 Ne8 12. Nxd6 Bxc3 13. bxc3 Nxd6 14. Qxd6 Qf6 15. Qxf6 Nxf6 16. Bxh6 Re8 1-0

[Event "Kalamata NOK op 4th"]
[Site "Kalamata"]
[Date "2013.11.24"]
[Round "7.4"]
[White "Rompaki, Maria"]
[Black "Sofronas, Andreas"]
[Result "0-1"]
[WhiteElo "1242"]
[BlackElo "1248"]
[PlyCount "80"]
[EventDate "2013.10.13"]
[EventType "swiss"]
[EventRounds "7"]
[EventCountry "GRE"]
[SourceTitle "EXT 2024"]
[Source "ChessBase"]
[SourceDate "2023.10.10"]
[SourceVersion "1"]
[SourceVersionDate "2023.10.10"]
[SourceQuality "1"]

1. d4 Nf6 2. Nf3 g6 3. Bf4 Bg7 4. c3 0-0 5. Nbd2 d6 6. e4 Nbd7 7. h3 e5 8. dxe5 dxe5 9. Nxe5 Re8 10. Ndf3 Nxe4 11. Bd3 Nxe5 12. Bxe5 Bxe5 13. Bxe4 Qxd1+ 14. Kxd1 Bxc3 15. bxc3 Rxe4 16. Kd2 Bf5 17. Rhe1 Rd8+ 18. Nd4 c5 19. f3 Rxe1 20. Rxe1 cxd4 21. cxd4 Rxd4+ 22. Ke3 Ra4 23. Rd1 Rxa2 24. Rd8+ Kg7 25. g4 Be6 26. Kf4 b5 27. Rd6 b4 28. Ke4 b3 29. Rd4 a5 30. Rd8 a4 31. Kd3 b2 32. Rb8 Ra3+ 33. Kc2 Rb3 34. Rxb3 Bxb3+ 35. Kxb2 h5 36. h4 hxg4 37. fxg4 f5 38. gxf5 gxf5 39. Kc3 f4 40. Kd3 f3 0-1